[Event "Reutlingen op 15th"]
[Site "Reutlingen"]
[Date "2010.05.24"]
[Round "6"]
[White "Latzke, Boris Alexander"]
[Black "Lange, Jan David"]
[Result "1-0"]
[WhiteElo "2273"]
[BlackElo "2104"]
[PlyCount "81"]
[EventDate "2010.05.21"]
[EventType "swiss"]
[EventRounds "7"]
[EventCountry "GER"]
[SourceTitle "CBM 136 Extra"]
[Source "ChessBase"]
[SourceDate "2010.07.02"]
[SourceVersion "2"]
[SourceVersionDate "2010.07.15"]
[SourceQuality "1"]

1. d4 Nf6 2. c4 g6 3. Nc3 Bg7 4. e4 d6 5. f3 0-0 6. Be3 e5 7. d5 c6 8. Bd3 cxd5 9. cxd5 a6 10. Nge2 Nbd7 11. 0-0 Nh5 12. Qd2 f5 13. exf5 gxf5 14. Bxf5 Rxf5 15. g4 Rf6 16. gxh5 Qf8 17. Ng3 Bh6 18. Bxh6 Qxh6 19. Qxh6 Rxh6 20. f4 Nf6 21. fxe5 dxe5 22. Rae1 Bh3 23. Rf2 Re8 24. Rfe2 Nd7 25. Re4 Rf8 26. Rh4 Bf5 27. Rc4 b5 28. Rc6 Rhf6 29. Rf1 Bh3 30. Rfxf6 Rxf6 31. Nce4 Rxc6 32. dxc6 Nb6 33. Nc5 a5 34. Nge4 Kf8 35. Kf2 Ke7 36. Kg3 Bf5 37. h6 Nc4 38. b3 Nd6 39. Nc3 b4 40. Nd5+ Kd8 41. Nb7+ 1-0

[Event "Reutlingen op 15th"]
[Site "Reutlingen"]
[Date "2010.05.23"]
[Round "5"]
[White "Lange, Jan David"]
[Black "Kudlich, Wolfgang"]
[Result "1-0"]
[WhiteElo "2104"]
[BlackElo "1843"]
[PlyCount "71"]
[EventDate "2010.05.21"]
[EventType "swiss"]
[EventRounds "7"]
[EventCountry "GER"]
[SourceTitle "CBM 136 Extra"]
[Source "ChessBase"]
[SourceDate "2010.07.02"]
[SourceVersion "2"]
[SourceVersionDate "2010.07.15"]
[SourceQuality "1"]

1. e4 e6 2. d4 d5 3. Nc3 Bb4 4. e5 c5 5. a3 Bxc3+ 6. bxc3 Qc7 7. Nf3 Ne7 8. Bd3 b6 9. Bb5+ Bd7 10. a4 0-0 11. 0-0 Nbc6 12. Bd3 h6 13. Ba3 Na5 14. Qd2 Rfe8 15. Qf4 Nc4 16. Bc1 cxd4 17. cxd4 Nc6 18. Qh4 Qd8 19. Qh5 f5 20. Bxh6 gxh6 21. Qg6+ Kh8 22. Qxh6+ Kg8 23. Qg6+ Kf8 24. Ng5 Re7 25. Nh7+ Rxh7 26. Qxh7 Be8 27. Bxc4 dxc4 28. c3 Qe7 29. Qh8+ Kf7 30. f4 Rb8 31. Rf3 Bd7 32. Qh5+ Kf8 33. Rg3 Qf7 34. Qh6+ Ke8 35. Rg7 Qf8 36. Qg6+ 1-0

[Event "GER-chT U20"]
[Site "Chemnitz"]
[Date "2009.12.29"]
[Round "5.3"]
[White "Lange, Jan David"]
[Black "Schiffner, Kevin"]
[Result "1-0"]
[WhiteElo "2118"]
[BlackElo "1952"]
[PlyCount "101"]
[EventDate "2009.12.27"]
[EventType "team-swiss"]
[EventRounds "7"]
[EventCountry "GER"]
[SourceTitle "EXT 2022"]
[Source "ChessBase"]
[SourceDate "2021.10.06"]
[SourceVersion "1"]
[SourceVersionDate "2021.10.06"]
[SourceQuality "1"]
[WhiteTeam "Tamm 74 U20"]
[BlackTeam "Magdeburg Aufbau Elbe U20"]
[WhiteTeamCountry "GER"]
[BlackTeamCountry "GER"]

1. e4 c5 2. Nf3 e6 3. d4 cxd4 4. Nxd4 a6 5. c4 Nc6 6. Nc3 Qc7 7. Be2 Nf6 8. 0-0 Be7 9. Kh1 0-0 10. f4 d6 11. Nc2 b6 12. b3 Bb7 13. Bb2 Rac8 14. Ne3 Nd7 15. Rf3 Bf6 16. Rg3 Ne7 17. Ng4 Ng6 18. Qd2 Kh8 19. Rf1 Rce8 20. Nxf6 Nxf6 21. f5 Ne5 22. Rxg7 Kxg7 23. Qg5+ Kh8 24. Qxf6+ Kg8 25. Rf3 Qd8 26. Rg3+ Ng6 27. Nd5 e5 28. Qxd8 Rxd8 29. fxg6 fxg6 30. Rf3 Bxd5 31. cxd5 a5 32. Kg1 Rxf3 33. gxf3 Kf7 34. Kf2 Rc8 35. Bd3 Ke7 36. h4 h6 37. Kg3 Rf8 38. Bc1 h5 39. f4 exf4+ 40. Bxf4 Rc8 41. Kf3 a4 42. e5 dxe5 43. Bxe5 axb3 44. axb3 Rg8 45. Kf4 Rf8+ 46. Ke4 Rg8 47. d6+ Kd7 48. Bb5+ Kd8 49. Bf6+ Kc8 50. d7+ Kc7 51. d8Q+ 1-0

[Event "GER-chT U20"]
[Site "Chemnitz"]
[Date "2009.12.28"]
[Round "3.3"]
[White "Maiorov, Daniel"]
[Black "Lange, Jan David"]
[Result "0-1"]
[WhiteElo "1920"]
[BlackElo "2118"]
[PlyCount "106"]
[EventDate "2009.12.27"]
[EventType "team-swiss"]
[EventRounds "7"]
[EventCountry "GER"]
[SourceTitle "EXT 2022"]
[Source "ChessBase"]
[SourceDate "2021.10.06"]
[SourceVersion "1"]
[SourceVersionDate "2021.10.06"]
[SourceQuality "1"]
[WhiteTeam "Hamburg Koenigsspringer U20"]
[BlackTeam "Tamm 74 U20"]
[WhiteTeamCountry "GER"]
[BlackTeamCountry "GER"]

1. e4 c5 2. Nf3 Nc6 3. d4 cxd4 4. Nxd4 Nf6 5. Nc3 d6 6. Bg5 e6 7. Qd2 Be7 8. 0-0-0 Nxd4 9. Qxd4 0-0 10. h4 Qa5 11. f4 e5 12. fxe5 dxe5 13. Qa4 Qxa4 14. Nxa4 h6 15. Bxf6 Bxf6 16. Be2 b6 17. Nc3 Be6 18. Nd5 Rad8 19. Nxf6+ gxf6 20. Rd3 Rxd3 21. Bxd3 Kh7 22. Kd2 Rg8 23. Rg1 Rg3 24. Ke2 Kg6 25. Kf2 Rg4 26. g3 f5 27. exf5+ Bxf5 28. Rd1 Rd4 29. Bxf5+ Kxf5 30. Rxd4 exd4 31. Kf3 h5 32. a4 a5 33. b3 f6 34. Kf2 Ke4 35. Ke2 f5 36. Kf2 f4 37. gxf4 Kxf4 38. Ke2 Kg3 39. Kd3 Kxh4 40. Kxd4 Kg4 41. Kc4 h4 42. Kb5 h3 43. Kxb6 h2 44. Kxa5 h1Q 45. b4 Kf5 46. b5 Ke6 47. c4 Kd6 48. b6 Qa8+ 49. Kb5 Qc6+ 50. Ka5 Qc5+ 51. Ka6 Qxc4+ 52. Ka5 Kc6 53. b7 Qc5+ 0-1

[Event "Stuttgart-chA int"]
[Site "Ditzingen"]
[Date "2009.05.24"]
[Round "7"]
[White "Osmanovic, Faruk"]
[Black "Lange, Jan David"]
[Result "1-0"]
[WhiteElo "2081"]
[BlackElo "2122"]
[PlyCount "63"]
[EventDate "2009.05.21"]
[EventType "swiss"]
[EventRounds "7"]
[EventCountry "GER"]
[SourceTitle "EXT 2018"]
[Source "ChessBase"]
[SourceDate "2017.10.13"]
[SourceVersion "1"]
[SourceVersionDate "2017.10.13"]
[SourceQuality "1"]

1. e4 c5 2. Nf3 Nc6 3. Bb5 g6 4. 0-0 Bg7 5. Re1 e6 6. c3 Nge7 7. Na3 0-0 8. Nc2 d5 9. d3 dxe4 10. dxe4 e5 11. Be3 b6 12. Qc1 Bg4 13. Be2 Nc8 14. Bh6 Nd6 15. Bxg7 Kxg7 16. Ne3 Be6 17. Qc2 f5 18. exf5 Nxf5 19. Bb5 Nce7 20. Nxe5 Nxe3 21. Rxe3 Nf5 22. Ree1 Qg5 23. Nf3 Qf6 24. Qe2 Bf7 25. Qe5 Rad8 26. Qxf6+ Kxf6 27. Ne5 Be6 28. Ng4+ Kf7 29. Rad1 Nd6 30. Ne5+ Kf6 31. Bc6 Kg7 32. Nxg6 1-0

[Event "GER-chT Lands U20"]
[Site "Dresden"]
[Date "2008.11.17"]
[Round "6.3"]
[White "Lange, Jan David"]
[Black "Voelsgen, Georg"]
[Result "1-0"]
[WhiteElo "2029"]
[BlackElo "1875"]
[PlyCount "75"]
[EventDate "2008.11.14"]
[EventType "team-swiss"]
[EventRounds "7"]
[EventCountry "GER"]
[SourceTitle "EXT 2010"]
[Source "ChessBase"]
[SourceDate "2010.11.25"]
[SourceVersion "1"]
[SourceVersionDate "2010.11.25"]
[SourceQuality "1"]
[WhiteTeam "Wuerttemberg II"]
[BlackTeam "Mecklenburg Vorpommern"]
[WhiteTeamCountry "GER"]
[BlackTeamCountry "GER"]

1. a3 e5 2. c4 g6 3. Nc3 Bg7 4. g3 d6 5. Bg2 f5 6. e3 Nf6 7. Nge2 0-0 8. 0-0 c6 9. d3 Nbd7 10. Qc2 Nc5 11. b4 Ne6 12. Rb1 Nh5 13. b5 Qc7 14. Qb3 f4 15. exf4 exf4 16. Nxf4 Nhxf4 17. Bxf4 Nxf4 18. gxf4 Rxf4 19. bxc6 bxc6 20. Nd5 Qf7 21. Nxf4 Qxf4 22. c5+ d5 23. Bxd5+ Kh8 24. Qc4 Qg5+ 25. Bg2 Bh3 26. Qe4 Bxg2 27. Qxg2 Qxc5 28. Rfc1 Qxa3 29. Qxc6 Rf8 30. Qc4 Qe7 31. Qg4 Qd6 32. Rc8 Qxd3 33. Rbb8 Qd6 34. Ra8 Qa3 35. Qf4 Kg8 36. Qc4+ Kh8 37. Qf7 h5 38. Rxf8+ 1-0

[Event "GER-chT Lands U20"]
[Site "Dresden"]
[Date "2008.11.15"]
[Round "3.3"]
[White "Kosovska, Olena"]
[Black "Lange, Jan David"]
[Result "0-1"]
[WhiteElo "1772"]
[BlackElo "2029"]
[PlyCount "54"]
[EventDate "2008.11.14"]
[EventType "team-swiss"]
[EventRounds "7"]
[EventCountry "GER"]
[SourceTitle "EXT 2010"]
[Source "ChessBase"]
[SourceDate "2010.11.25"]
[SourceVersion "1"]
[SourceVersionDate "2010.11.25"]
[SourceQuality "1"]
[WhiteTeam "Sachsen II"]
[BlackTeam "Wuerttemberg II"]
[WhiteTeamCountry "GER"]
[BlackTeamCountry "GER"]

1. c4 Nf6 2. Nc3 g6 3. d4 Bg7 4. e4 d6 5. f4 0-0 6. Nf3 c6 7. Bd3 Re8 8. 0-0 Bg4 9. Kh1 e5 10. dxe5 dxe5 11. c5 Nbd7 12. b4 exf4 13. Bxf4 Nh5 14. Bd2 Nxc5 15. Bc4 Ne6 16. Qc1 Qc7 17. Ng5 Nxg5 18. Bxg5 Be6 19. Be2 Qe5 20. Bxh5 Qxc3 21. Qxc3 Bxc3 22. Rac1 Bxb4 23. Bf3 Bxa2 24. Rf2 Be6 25. Rfc2 a5 26. Rb1 c5 27. e5 Bf5 0-1

[Event "GER-chT Lands U20"]
[Site "Dresden"]
[Date "2008.11.14"]
[Round "2.3"]
[White "Lange, Jan David"]
[Black "Kachibadze, Georg"]
[Result "0-1"]
[WhiteElo "2029"]
[BlackElo "2079"]
[PlyCount "108"]
[EventDate "2008.11.14"]
[EventType "team-swiss"]
[EventRounds "7"]
[EventCountry "GER"]
[SourceTitle "EXT 2010"]
[Source "ChessBase"]
[SourceDate "2010.11.25"]
[SourceVersion "1"]
[SourceVersionDate "2010.11.25"]
[SourceQuality "1"]
[WhiteTeam "Wuerttemberg II"]
[BlackTeam "Berlin"]
[WhiteTeamCountry "GER"]
[BlackTeamCountry "GER"]

1. e4 c5 2. Nf3 d6 3. d4 cxd4 4. Nxd4 Nf6 5. Nc3 Nc6 6. Bg5 e6 7. Qd2 Be7 8. 0-0-0 0-0 9. f4 Nxd4 10. Qxd4 Qa5 11. Rd3 h6 12. h4 Qc5 13. Qxc5 dxc5 14. e5 hxg5 15. exf6 gxf6 16. hxg5 fxg5 17. Rg3 Bd7 18. fxg5 Kg7 19. Bd3 Rh8 20. Rf1 Bc6 21. Be4 Bxe4 22. Nxe4 Rh4 23. g6 f5 24. Nc3 Bd6 25. Rd3 Rd4 26. Rxd4 cxd4 27. Nb5 Be5 28. Rd1 Bf4+ 29. Kb1 e5 30. Nc7 Rh8 31. Ne6+ Kxg6 32. Nxf4+ exf4 33. a4 Rd8 34. Rd3 Kg5 35. Kc1 Kg4 36. Kd2 Re8 37. Rh3 Re7 38. b3 a5 39. Rh8 Kg3 40. Rg8+ Kf2 41. Kd3 Re3+ 42. Kxd4 Rg3 43. Rf8 Kxg2 44. Rxf5 f3 45. Ke3 Rg7 46. Rxa5 f2 47. Rf5 f1Q 48. Rxf1 Kxf1 49. Kd4 Ke2 50. a5 Kd2 51. c4 Kc2 52. b4 Kb3 53. Kc5 Rg5+ 54. Kb6 Kxb4 0-1

[Event "Staufer op 20th"]
[Site "Schwaebisch Gmuend"]
[Date "2008.01.05"]
[Round "7"]
[White "Garbe, Ralf"]
[Black "Lange, Jan David"]
[Result "1-0"]
[WhiteElo "2199"]
[BlackElo "2116"]
[PlyCount "131"]
[EventDate "2008.01.02"]
[EventType "swiss"]
[EventRounds "9"]
[EventCountry "GER"]
[SourceTitle "CBM 122 Extra"]
[Source "ChessBase"]
[SourceDate "2008.03.04"]
[SourceVersion "1"]
[SourceVersionDate "2008.03.04"]
[SourceQuality "1"]

1. d4 Nf6 2. Nf3 g6 3. Bg5 Bg7 4. Nbd2 0-0 5. c3 d6 6. e4 c5 7. dxc5 dxc5 8. Bc4 Nc6 9. 0-0 Qc7 10. Qc2 b6 11. Rfe1 e6 12. Bf1 Bb7 13. a4 Ng4 14. Bh4 Nf6 15. Nc4 e5 16. Nfd2 Nh5 17. Ne3 Ne7 18. a5 Nf4 19. f3 Rfd8 20. Red1 h6 21. axb6 axb6 22. Rxa8 Rxa8 23. Qb3 g5 24. Bf2 Rd8 25. Ndc4 Nc8 26. Nf5 Ne6 27. Nce3 Rxd1 28. Qxd1 Qd8 29. Qb3 Nd6 30. Nxd6 Qxd6 31. Nc4 Qc7 32. Qxb6 Qxb6 33. Nxb6 Bf8 34. Bc4 Bd6 35. Bxe6 fxe6 36. Nd7 c4 37. Bg3 Bc6 38. Nxe5 Bxe5 39. Bxe5 Kf7 40. Kf2 Ba4 41. Ke3 h5 42. Kd4 Bb3 43. h3 Ke7 44. Bc7 Kd7 45. Bb6 Ke7 46. Ke5 Bd1 47. Be3 g4 48. fxg4 hxg4 49. h4 g3 50. Kf4 Kf6 51. Bd4+ Kg6 52. Kxg3 Kh5 53. Bf6 Be2 54. Kf4 Bd1 55. g3 Be2 56. Ke5 Bg4 57. Kd4 Be2 58. Ke3 Bd1 59. b4 cxb3 60. c4 Kg6 61. Be5 Kf7 62. Kf4 Be2 63. c5 Bb5 64. g4 Bc6 65. h5 Be8 66. g5 1-0

[Event "GER-chT U20"]
[Site "Kelheim"]
[Date "2007.12.29"]
[Round "6.1"]
[White "Lange, Jan David"]
[Black "Krege, Sandra"]
[Result "1-0"]
[WhiteElo "1992"]
[BlackElo "2047"]
[PlyCount "59"]
[EventDate "2007.12.27"]
[EventType "team-swiss"]
[EventRounds "7"]
[EventCountry "GER"]
[SourceTitle "EXT 2022"]
[Source "ChessBase"]
[SourceDate "2021.10.06"]
[SourceVersion "1"]
[SourceVersionDate "2021.10.06"]
[SourceQuality "1"]
[WhiteTeam "Tamm 74 U20"]
[BlackTeam "Hettstedt U20"]
[WhiteTeamCountry "GER"]
[BlackTeamCountry "GER"]

1. e4 c5 2. Nf3 Nc6 3. d4 cxd4 4. Nxd4 Nf6 5. Nc3 e6 6. Nxc6 bxc6 7. e5 Nd5 8. Ne4 Qc7 9. f4 Qb6 10. Qf3 Nb4 11. Qb3 a5 12. c3 a4 13. Qd1 Nd5 14. Qf3 Be7 15. Bd3 f5 16. exf6 Nxf6 17. Be3 Qxb2 18. 0-0 Nxe4 19. Bxe4 Qb5 20. Qg4 0-0 21. Bc2 Qb2 22. Rac1 e5 23. Qh5 g6 24. Bxg6 hxg6 25. Qxg6+ Kh8 26. Rf3 Bh4 27. Rh3 Rxf4 28. Bxf4 Qf2+ 29. Kh1 Qxf4 30. Rd1 1-0

[Event "Stuttgart-chA int"]
[Site "Gerlingen"]
[Date "2007.05.19"]
[Round "6"]
[White "Lange, Jan David"]
[Black "Roth, Stefan"]
[Result "1-0"]
[WhiteElo "2134"]
[BlackElo "2041"]
[PlyCount "77"]
[EventDate "2007.05.17"]
[EventType "swiss"]
[EventRounds "7"]
[EventCountry "GER"]
[SourceTitle "EXT 2018"]
[Source "ChessBase"]
[SourceDate "2017.10.13"]
[SourceVersion "1"]
[SourceVersionDate "2017.10.13"]
[SourceQuality "1"]

1. e4 g6 2. d4 Bg7 3. Nc3 c6 4. Be3 d5 5. Qd2 dxe4 6. Nxe4 Nf6 7. Nxf6+ exf6 8. Bc4 b5 9. Bb3 0-0 10. Ne2 Be6 11. 0-0 Nd7 12. c3 Nb6 13. Bh6 Nc4 14. Bxc4 Bxc4 15. Rfe1 Re8 16. Bxg7 Kxg7 17. b3 Bxe2 18. Rxe2 Rxe2 19. Qxe2 Qe8 20. Re1 Qxe2 21. Rxe2 Kf8 22. Kf1 Re8 23. Rxe8+ Kxe8 24. Ke2 Ke7 25. c4 bxc4 26. bxc4 Kd6 27. Ke3 Ke6 28. g4 f5 29. g5 Kd6 30. h3 Ke6 31. Kd3 f6 32. h4 fxg5 33. hxg5 Kd6 34. Kc3 a5 35. f4 Kc7 36. d5 Kd6 37. dxc6 Kxc6 38. Kd4 a4 39. a3 1-0

[Event "Stuttgart-chA int"]
[Site "Gerlingen"]
[Date "2007.05.18"]
[Round "4"]
[White "Lange, Jan David"]
[Black "Volk, Werner"]
[Result "1-0"]
[WhiteElo "2134"]
[BlackElo "1980"]
[PlyCount "43"]
[EventDate "2007.05.17"]
[EventType "swiss"]
[EventRounds "7"]
[EventCountry "GER"]
[SourceTitle "EXT 2018"]
[Source "ChessBase"]
[SourceDate "2017.10.13"]
[SourceVersion "1"]
[SourceVersionDate "2017.10.13"]
[SourceQuality "1"]

1. e4 e6 2. d4 d5 3. Nc3 Bb4 4. e5 c5 5. a3 Bxc3+ 6. bxc3 Qc7 7. Nf3 Ne7 8. Bd3 c4 9. Be2 Bd7 10. a4 Qa5 11. 0-0 Bxa4 12. Ba3 b5 13. Qd2 Qd8 14. Ng5 0-0 15. f4 h6 16. Nf3 Re8 17. g4 Nd7 18. Kh1 Ng6 19. f5 Nh4 20. f6 Nxf3 21. Rxf3 gxf6 22. Qxh6 1-0

[Event "Saarbruecken-chT U20"]
[Site "Saarbruecken"]
[Date "2006.11.24"]
[Round "6.4"]
[White "Lange, Jan David"]
[Black "Smolkina, Milana"]
[Result "1-0"]
[WhiteElo "2090"]
[BlackElo "1847"]
[PlyCount "69"]
[EventDate "2006.11.??"]
[EventType "team-tourn"]
[EventRounds "7"]
[EventCountry "GER"]
[SourceTitle "EXT 2008"]
[Source "ChessBase"]
[SourceDate "2007.11.25"]
[SourceVersion "1"]
[SourceVersionDate "2007.11.25"]
[SourceQuality "1"]

1. e4 c5 2. Nf3 d6 3. d4 cxd4 4. Nxd4 Nf6 5. Nc3 g6 6. Be3 Bg7 7. f3 0-0 8. Qd2 Nc6 9. 0-0-0 d5 10. exd5 Nxd5 11. Nxc6 bxc6 12. Nxd5 cxd5 13. Qxd5 Qc7 14. Qc5 Qb8 15. Qa3 Be6 16. Bd3 Qc7 17. Kd2 Rfd8 18. Ke2 Bc4 19. b3 Bxd3+ 20. cxd3 Rd5 21. Rd2 Qe5 22. Qa4 Qd6 23. h4 Bc3 24. Rdd1 Ra5 25. Qe4 Rxa2+ 26. Rd2 Rxd2+ 27. Bxd2 Rc8 28. Rc1 Qf6 29. g4 h6 30. g5 hxg5 31. hxg5 Qh8 32. Rxc3 Rxc3 33. Qa8+ Kh7 34. Qxh8+ Kxh8 35. Bxc3+ 1-0

[Event "Saarbruecken-chT U20"]
[Site "Saarbruecken"]
[Date "2006.11.23"]
[Round "5.4"]
[White "Laake, Jasmin Maria"]
[Black "Lange, Jan David"]
[Result "1-0"]
[WhiteElo "2016"]
[BlackElo "2090"]
[PlyCount "73"]
[EventDate "2006.11.??"]
[EventType "team-tourn"]
[EventRounds "7"]
[EventCountry "GER"]
[SourceTitle "EXT 2008"]
[Source "ChessBase"]
[SourceDate "2007.11.25"]
[SourceVersion "1"]
[SourceVersionDate "2007.11.25"]
[SourceQuality "1"]

1. e4 c5 2. Nf3 d6 3. d4 cxd4 4. Nxd4 Nf6 5. Nc3 Nc6 6. g3 e5 7. Nde2 Be7 8. Bg2 0-0 9. 0-0 Be6 10. h3 Qd7 11. Kh2 Rad8 12. f4 Bc4 13. b3 Ba6 14. Be3 b6 15. Nd5 Nxd5 16. exd5 Nd4 17. Bxd4 exd4 18. Re1 d3 19. cxd3 Bf6 20. Rc1 Rc8 21. Qd2 Rfe8 22. Bf3 Qb5 23. Rc4 g6 24. Bg4 Rc5 25. Nc1 h5 26. a4 Qa5 27. Rxe8+ Kg7 28. b4 Qxa4 29. bxc5 Qxe8 30. Re4 Qb5 31. Be2 bxc5 32. f5 Qb1 33. Ra4 Bb5 34. Rxa7 Bb2 35. Rb7 Bxc1 36. Qc3+ Kg8 37. Rb8+ 1-0

[Event "Saarbruecken-chT U20"]
[Site "Saarbruecken"]
[Date "2006.11.22"]
[Round "3.4"]
[White "Kuersten, Ruediger"]
[Black "Lange, Jan David"]
[Result "0-1"]
[WhiteElo "2118"]
[BlackElo "2090"]
[PlyCount "60"]
[EventDate "2006.11.??"]
[EventType "team-tourn"]
[EventRounds "7"]
[EventCountry "GER"]
[SourceTitle "EXT 2008"]
[Source "ChessBase"]
[SourceDate "2007.11.25"]
[SourceVersion "1"]
[SourceVersionDate "2007.11.25"]
[SourceQuality "1"]

1. Nf3 Nf6 2. g3 g6 3. Bg2 Bg7 4. d4 d6 5. c4 0-0 6. 0-0 Nc6 7. Nc3 a6 8. b3 Rb8 9. Bb2 b5 10. cxb5 axb5 11. Ng5 Na5 12. Nge4 Nxe4 13. Nxe4 c5 14. Qd2 c4 15. Bc3 Nc6 16. bxc4 bxc4 17. d5 Bxc3 18. Qxc3 Ne5 19. Rfb1 Ba6 20. f4 Nd7 21. g4 Qc7 22. g5 Nc5 23. Nf2 Na4 24. Qe3 Qc5 25. Qxe7 Rbe8 26. Qf6 Rxe2 27. Rf1 c3 28. Rad1 c2 29. Rd4 Rxf2 30. Kxf2 Bxf1 0-1

[Event "GER-chT U16"]
[Site "Berlin"]
[Date "2005.12.28"]
[Round "3.1"]
[White "Gebhardt, Martin"]
[Black "Lange, Jan David"]
[Result "0-1"]
[WhiteElo "2027"]
[BlackElo "1989"]
[PlyCount "64"]
[EventDate "2005.12.27"]
[EventType "team-swiss"]
[EventRounds "7"]
[EventCountry "GER"]
[SourceTitle "EXT 2022"]
[Source "ChessBase"]
[SourceDate "2021.10.06"]
[SourceVersion "1"]
[SourceVersionDate "2021.10.06"]
[SourceQuality "1"]
[WhiteTeam "Apolda TSG U16"]
[BlackTeam "Tamm 74 U16"]
[WhiteTeamCountry "GER"]
[BlackTeamCountry "GER"]

1. e4 e6 2. d4 d5 3. Nc3 Bb4 4. e5 c5 5. a3 Bxc3+ 6. bxc3 Qc7 7. Qg4 f5 8. Qg3 cxd4 9. cxd4 Ne7 10. c3 Bd7 11. Be2 Nbc6 12. Nh3 0-0-0 13. Nf4 g5 14. Nh5 f4 15. Qd3 Nf5 16. Bg4 Nh6 17. Be2 Be8 18. Nf6 Bg6 19. Qh3 Nf5 20. Bh5 Nxe5 21. dxe5 Qxe5+ 22. Be2 Qxf6 23. Bb2 h5 24. g3 g4 25. Qf1 f3 26. Bd3 Qe5+ 27. Kd2 Rd6 28. Qd1 d4 29. Re1 dxc3+ 30. Kc2 Qc5 31. Re4 Nd4+ 32. Rxd4 Rxd4 0-1

[Event "GER-chT U16"]
[Site "Berlin"]
[Date "2005.12.28"]
[Round "4.1"]
[White "Koch, Friedrich"]
[Black "Lange, Jan David"]
[Result "0-1"]
[WhiteElo "1870"]
[BlackElo "1989"]
[PlyCount "70"]
[EventDate "2005.12.27"]
[EventType "team-swiss"]
[EventRounds "7"]
[EventCountry "GER"]
[SourceTitle "EXT 2022"]
[Source "ChessBase"]
[SourceDate "2021.10.06"]
[SourceVersion "1"]
[SourceVersionDate "2021.10.06"]
[SourceQuality "1"]
[WhiteTeam "Friedrichsfelde Borussia U16"]
[BlackTeam "Tamm 74 U16"]
[WhiteTeamCountry "GER"]
[BlackTeamCountry "GER"]

1. e4 e6 2. d4 d5 3. exd5 exd5 4. Bd3 Nc6 5. c3 Bd6 6. Ne2 Qh4 7. g3 Qe7 8. 0-0 Bg4 9. f3 Be6 10. b4 Nf6 11. Bf4 Nh5 12. Bxd6 Qxd6 13. Qc2 Ne7 14. Nd2 Ng6 15. f4 Bh3 16. Rf2 Nf6 17. f5 Ne7 18. Nf4 Bg4 19. h3 Bxh3 20. Nf3 g6 21. Re1 Bxf5 22. Bxf5 gxf5 23. Ng5 Ne4 24. Nxe4 dxe4 25. d5 Rg8 26. Re3 0-0-0 27. c4 Qxb4 28. Rb3 Qe1+ 29. Kh2 Rd6 30. Qb2 Rh6+ 31. Nh3 b6 32. Ra3 a5 33. Qd4 Rg5 34. d6 Rxh3+ 35. Kxh3 Rh5+ 0-1

[Event "Wuerttemberg-ch U16"]
[Site "Friedrichshafen"]
[Date "2005.03.31"]
[Round "5"]
[White "Lange, Jan David"]
[Black "Geshnizjani, Ramin Tobias"]
[Result "0-1"]
[WhiteElo "2021"]
[BlackElo "1876"]
[PlyCount "122"]
[EventDate "2005.03.29"]
[EventType "swiss"]
[EventRounds "7"]
[EventCountry "GER"]
[SourceTitle "EXT 2007"]
[Source "ChessBase"]
[SourceDate "2006.11.23"]
[SourceVersion "1"]
[SourceVersionDate "2006.11.23"]
[SourceQuality "1"]

1. e4 c6 2. d4 d5 3. exd5 cxd5 4. c4 Nf6 5. Nc3 Nc6 6. Nf3 e6 7. Bd3 Be7 8. 0-0 0-0 9. a3 b6 10. b4 dxc4 11. Bxc4 Bb7 12. Bf4 Rc8 13. Qd3 Bxb4 14. Ne2 Bd6 15. Rfe1 Bxf4 16. Nxf4 Qd6 17. Nxe6 Na5 18. Ba2 Rfe8 19. Neg5 Bd5 20. Bxd5 Qxd5 21. Ne5 Nb3 22. Rad1 Nxd4 23. Ngxf7 Ng4 24. Nxg4 Ne2+ 25. Kf1 Qxd3 26. Rxd3 Kxf7 27. Rd7+ Kg6 28. Rxa7 Nf4 29. g3 Nd3 30. Ree7 Rxe7 31. Rxe7 Rc1+ 32. Ke2 Re1+ 33. Kxd3 Rxe7 34. Kc3 Re4 35. Ne3 h5 36. h4 b5 37. Ng2 Kf5 38. Ne3+ Ke6 39. Ng2 Kf5 40. Ne3+ Ke5 41. Kd3 Rd4+ 42. Ke2 Ra4 43. Nc2 Rc4 44. Kd3 Ra4 45. Ke3 Kd5 46. Kd3 Ra7 47. f4 Rd7 48. Ne3+ Kc5+ 49. Kc3 g6 50. Nf1 Rd1 51. Nd2 Rg1 52. Ne4+ Kd5 53. Nf6+ Ke6 54. Ne4 Re1 55. Ng5+ Kf5 56. Kb4 Re3 57. Nf7 Rxg3 58. Nd6+ Kxf4 59. Nxb5 g5 60. hxg5 Kxg5 61. a4 h4 0-1

[Event "Wuerttemberg-ch U16"]
[Site "Friedrichshafen"]
[Date "2005.03.29"]
[Round "1"]
[White "Lange, Jan David"]
[Black "Kilian, Markus"]
[Result "1-0"]
[WhiteElo "2021"]
[BlackElo "1514"]
[PlyCount "87"]
[EventDate "2005.03.29"]
[EventType "swiss"]
[EventRounds "7"]
[EventCountry "GER"]
[SourceTitle "EXT 2007"]
[Source "ChessBase"]
[SourceDate "2006.11.23"]
[SourceVersion "1"]
[SourceVersionDate "2006.11.23"]
[SourceQuality "1"]

1. e4 d6 2. d4 Nf6 3. Nc3 g6 4. Be3 Bg7 5. Qd2 c6 6. f3 Nbd7 7. Nge2 0-0 8. g4 e5 9. 0-0-0 Qc7 10. h4 b5 11. Ng3 Nb6 12. h5 a5 13. g5 Nfd7 14. hxg6 fxg6 15. Qh2 Rxf3 16. Be2 Nc4 17. Qxh7+ Kf7 18. Bxf3 Nxe3 19. Bh5 Nf8 20. Rdf1+ Nxf1 21. Rxf1+ Ke8 22. Bxg6+ Kd8 23. Qg8 Qe7 24. Rf7 Qxg5+ 25. Kd1 Qxg3 26. Qxg7 Qg1+ 27. Kd2 Qxd4+ 28. Ke1 Qg1+ 29. Rf1 Qg3+ 30. Kd1 Qg4+ 31. Ne2 Nxg6 32. Rg1 Qxe4 33. Rxg6 Qd5+ 34. Kc1 c5 35. Nc3 Qh1+ 36. Kd2 Qc6 37. Ne4 Qd5+ 38. Kc1 Ra6 39. Nf6 Qh1+ 40. Rg1 Qc6 41. Qf7 Bd7 42. Nd5 a4 43. Rg8+ Be8 44. Qe7+ 1-0

[Event "GER-chT Lands U20"]
[Site "Bad Sulza"]
[Date "2004.11.18"]
[Round "5.7"]
[White "Lange, Jan David"]
[Black "Eibl, Maximilian"]
[Result "1-0"]
[WhiteElo "2021"]
[BlackElo "1850"]
[PlyCount "97"]
[EventDate "2004.11.15"]
[EventType "team-swiss"]
[EventRounds "7"]
[EventCountry "GER"]
[SourceTitle "EXT 2006"]
[Source "ChessBase"]
[SourceDate "2005.11.24"]
[SourceVersion "1"]
[SourceVersionDate "2005.11.24"]
[SourceQuality "1"]

1. e4 c5 2. Nf3 d6 3. d4 cxd4 4. Nxd4 Nf6 5. Nc3 a6 6. Be3 e6 7. g4 Qc7 8. f3 b5 9. Qd2 Bb7 10. 0-0-0 Nfd7 11. h4 Nb6 12. g5 d5 13. e5 b4 14. Nb1 N8d7 15. f4 Nc5 16. Nb3 d4 17. Qxd4 Nxb3+ 18. axb3 Bxh1 19. Qxb6 Qxb6 20. Bxb6 Bd5 21. Nd2 Be7 22. Nc4 Bxc4 23. Bxc4 h6 24. g6 fxg6 25. Bxe6 Bxh4 26. Bd7+ Kf8 27. e6 Be7 28. Bc6 Rb8 29. Bc7 Rc8 30. Rd7 h5 31. Bb7 Re8 32. Bxa6 h4 33. Bf1 g5 34. Bh3 gxf4 35. Bxf4 Rd8 36. Rb7 g5 37. Be3 Rg8 38. Bg4 Ke8 39. Rb5 Kf8 40. Rf5+ Kg7 41. Rf7+ Kh6 42. Rxe7 Rgf8 43. Rd7 Ra8 44. e7 Rg8 45. Bb6 h3 46. Bxh3 Kh5 47. Bd8 g4 48. Rd5+ Kh6 49. Bxg4 1-0